| 000 | 00751nam a22002657a 4500 | ||
|---|---|---|---|
| 003 | CHAP | ||
| 005 | 20220329135931.0 | ||
| 008 | 971013s1967 r 00010 d | ||
| 010 | _a44316 | ||
| 011 | _a45288 | ||
| 035 | _a49427 | ||
| 040 | _cCHAP | ||
| 082 |
_a630.2515 _bT3 |
||
| 100 | 0 | 0 |
_aTaylor, James A. _eed. _9111803 |
| 245 | _aWeather and agriculture | ||
| 260 |
_aOxford : _bPergamon, _c1967 |
||
| 300 |
_a225 p. _b: ilus. |
||
| 590 |
_aBATCH-UPD _b10 _c20130110 _lUCH01 _h0136 |
||
| 590 |
_aBATCH-UPD _b10 _c20130110 _lUCH01 _h1746 |
||
| 590 |
_aCONVERSION _b10 _c20130109 _lUCH01 _h1324 |
||
| 650 | 1 | 4 |
_aCultivos y clima. _930392 |
| 901 | _aBK | ||
| 942 | _cLIBRO | ||
| 949 |
_a630.2515 T3 _bBC _cLIBRO _d33724000029989 _eLIBRO _h12479 _i49427 _si |
||
| 999 |
_c44316 _d44316 |
||